[Event "TT - Queen's pawn I"]
[Site "SchemingMind.com"]
[Date "2006.05.06"]
[Round "-"]
[White "tardon"]
[Black "McKnights"]
[Result "0-1"]
[WhiteCountry "ESP"]
[BlackCountry "USA"]
[WhiteElo "1409"]
[WhiteRD "83"]
[BlackElo "1805"]
[BlackRD "60"]
[GameID "49639"]

1. d4 d5 2. c4 e6 3. Nc3 c5 4. cxd5 cxd4 5. Qa4+ Nd7 6. Qxd4 e5 7. Qa4 Nf6 8. e4 Be7 9. Nf3 O-O 10. Be2 Nc5
11. Qc2 Bd6 12. O-O Bg4
0-1

[Event "TT - Queen's pawn I"]
[Site "SchemingMind.com"]
[Date "2006.05.06"]
[Round "-"]
[White "Tere"]
[Black "McKnights"]
[Result "0-1"]
[WhiteCountry "VEN"]
[BlackCountry "USA"]
[WhiteElo "1551"]
[WhiteRD "97"]
[BlackElo "1736"]
[BlackRD "64"]
[GameID "49651"]

1. d4 d5 2. c4 e6 3. Nc3 c5 4. cxd5 Nf6 5. e4 cxd4 6. Qxd4 Be7 7. Bb5+ Bd7 8. e5 Nxd5 9. Bxd7+ Qxd7 10. Nxd5 exd5
11. Nf3 Nc6 12. Qa4 Nxe5 13. Qxd7+ Nxd7 14. Bf4 O-O 15. O-O Bc5 16. Rfd1 Nf6 17. Rac1 b6 18. Ne5 Ne4 19. Rxd5 Bxf2+ 20. Kf1 Bc5
21. Nd7 Rad8 22. Bc7 Rc8 23. Nxf8 Kxf8 24. Bd6+ Nxd6 25. Rxd6 Re8 26. Rd7 a5 27. Rc4 Re6 28. Rf4 f6 29. a3 h6 30. b4 axb4
31. axb4 Bd6 32. Rd4 Be7 33. Rc4 Kf7 34. b5 Ke8 35. Rdd4 Re5 36. Rc7 Rxb5 37. Re4 Re5 38. Rxe5 fxe5 39. Ke2 Kf8 40. Ke3 Bc5+
41. Ke4 Bd4 42. Rb7 Kg8 43. Kf5 Kh7 44. g4 Kg8 45. h4 Kh7 46. h5 Kg8 47. Ke4 Kh7= 48. Rc7 Kg8 49. Kf5 Kh7 50. Rc8 Ba1
51. Rb8 Bd4 52. Rb7 Kg8 53. Ke4 Kh7= 54. Rb8 Ba1 55. Rxb6 Bd4 56. Rg6 Ba1 57. Kf5 Bb2 58. Re6= Kg8 59. Kg6 Kf8 60. Rb6 Bd4
61. Rb7 e4 62. Rf7+ Kg8
0-1

[Event "TT - Queen's pawn I"]
[Site "SchemingMind.com"]
[Date "2006.05.06"]
[Round "-"]
[White "McKnights"]
[Black "Tere"]
[Result "1-0"]
[WhiteCountry "USA"]
[BlackCountry "VEN"]
[WhiteElo "1749"]
[WhiteRD "58"]
[BlackElo "1456"]
[BlackRD "120"]
[GameID "49654"]

1. d4 d5 2. c4 e6 3. Nc3 c5 4. cxd5 exd5 5. Nf3 Nc6 6. e3 cxd4 7. Nxd4 Nxd4 8. Qxd4 Nf6 9. Bb5+ Bd7 10. Be2 Qa5
11. Bd2 Bb4 12. a3 Bc5 13. Qe5+ Be6 14. Nxd5 Qd8 15. Nc7+ Ke7 16. Qxc5+ Qd6 17. Qxd6+ Kxd6 18. Nb5+ Ke7 19. Bb4+ Kd8 20. O-O a6
21. Nd4 Bd5 22. Nf5 Be4 23. Rfd1+ Nd7 24. Nd6 Bc6 25. Nxf7+ Kc7 26. Rac1 Rhe8 27. Bg4 g6 28. Bxd7 Re4 29. Bh3 a5 30. Be1 Rf8
31. Bxa5+ b6 32. Rd7+
1-0

[Event "TT - Queen's pawn I"]
[Site "SchemingMind.com"]
[Date "2006.05.06"]
[Round "-"]
[White "iain"]
[Black "Tere"]
[Result "0-1"]
[WhiteCountry "USA"]
[BlackCountry "VEN"]
[WhiteElo "1349"]
[WhiteRD "61"]
[BlackElo "1460"]
[BlackRD "131"]
[GameID "49706"]

1. d4 d5 2. c4 e6 3. Nc3 c5 4. e3 Nc6 5. Nf3 Nf6 6. Be2 Bd6 7. O-O O-O 8. dxc5 Bxc5 9. cxd5 exd5 10. a3 Bd6
11. b4 a6 12. Nd4 Nxd4 13. exd4 Qc7 14. Bb2 Bxh2+ 15. Kh1 Bf4 16. Bf3 Qd6 17. g3 Bh3 18. Bg2 Bxg2+ 19. Kxg2 Bg5 20. Na4 h5
21. Nc5 h4 22. Qd3 b6 23. Nb3 Ne4 24. Bc1 Rac8 25. Bxg5 Rc3 26. Qxa6 h3+ 27. Kxh3 Rxg3+ 28. Kh4 Rxg5 29. Rg1 Qf4+ 30. Kh3 Nxf2#
0-1

[Event "TT - Queen's pawn I"]
[Site "SchemingMind.com"]
[Date "2006.05.06"]
[Round "-"]
[White "iain"]
[Black "McKnights"]
[Result "0-1"]
[WhiteCountry "USA"]
[BlackCountry "USA"]
[WhiteElo "1230"]
[WhiteRD "76"]
[BlackElo "1801"]
[BlackRD "67"]
[GameID "49709"]

1. d4 d5 2. c4 e6 3. Nc3 c5 4. e3 cxd4 5. exd4 Nf6 6. Nf3 Nbd7 7. Be2 Nb6 8. b3 Bb4 9. O-O Bxc3 10. Rb1 Ne4
11. Qc2 O-O 12. Bd3 f5 13. Ba3 Rf6 14. cxd5 exd5 15. Ne5 Bxd4 16. Nf3 Rc6 17. Nxd4 Rxc2 18. Nxc2 Nd2 19. Nd4 Nxf1 20. Rxf1 Bd7
21. Nxf5 Bxf5 22. Bxf5 Qf6 23. g4 h5 24. f3 hxg4 25. fxg4 Re8
0-1

[Event "TT - Queen's pawn I"]
[Site "SchemingMind.com"]
[Date "2006.05.06"]
[Round "-"]
[White "Tere"]
[Black "iain"]
[Result "0-1"]
[WhiteCountry "VEN"]
[BlackCountry "USA"]
[WhiteElo "1460"]
[WhiteRD "131"]
[BlackElo "1349"]
[BlackRD "61"]
[GameID "49710"]

1. d4 d5 2. c4 e6 3. Nc3 c5 4. e3 Nf6 5. Nf3 Be7 6. cxd5 cxd4 7. Qxd4 exd5 8. Bb5+ Nc6 9. Ne5 Bd7 10. Nxc6 Bxc6
11. Bxc6+ bxc6 12. O-O O-O 13. Re1 c5 14. Qf4 Bd6 15. Qf5 d4 16. exd4 cxd4 17. Nd5 Nxd5 18. Bg5 f6 19. Qxd5+ Kh8 20. Qe4 fxg5
21. Rad1 Bc5 22. a3 Qf6 23. Rd2 Rad8 24. b4 Bb6 25. a4 Qf4 26. Qxf4 gxf4 27. a5 Bc7 28. Re4 d3 29. Kf1 g5 30. Re7 Bd6
31. Rxa7 Bxb4 32. Rd1 d2
0-1

[Event "TT - Queen's pawn I"]
[Site "SchemingMind.com"]
[Date "2006.05.06"]
[Round "-"]
[White "tardon"]
[Black "iain"]
[Result "0-1"]
[WhiteCountry "ESP"]
[BlackCountry "USA"]
[WhiteElo "1409"]
[WhiteRD "83"]
[BlackElo "1349"]
[BlackRD "61"]
[GameID "49711"]

1. d4 d5 2. c4 e6 3. Nc3 c5 4. cxd5 exd5 5. Nf3 Nc6 6. g3 Nf6 7. Bg2 Be7 8. O-O O-O 9. Bg5 Ne4 10. Bxe7 Nxe7
0-1

[Event "TT - Queen's pawn I"]
[Site "SchemingMind.com"]
[Date "2006.05.06"]
[Round "-"]
[White "McKnights"]
[Black "iain"]
[Result "1-0"]
[WhiteCountry "USA"]
[BlackCountry "USA"]
[WhiteElo "1801"]
[WhiteRD "67"]
[BlackElo "1230"]
[BlackRD "76"]
[GameID "49713"]

1. d4 d5 2. c4 e6 3. Nc3 c5 4. dxc5 Nf6 5. cxd5 Nxd5 6. Nxd5 Qxd5 7. Be3 Nc6 8. Nf3 Be7 9. g3 O-O 10. Bg2 Rd8
11. O-O Bf6 12. Qc2 Nb4 13. Qa4 a5 14. Nd2 Qd7 15. Qb3 Qb5 16. a3 Qxe2 17. Rfe1 Qd3 18. axb4 Qxb3 19. Nxb3 Bxb2 20. Rxa5 Rxa5
21. Nxa5 Bc3 22. Rb1 b6 23. cxb6 Ba6 24. b7 Bd3 25. Rd1 Bxb4 26. Rxd3 Rxd3 27. b8=Q+ Bf8 28. Bc5 h6 29. Qxf8+ Kh7 30. Be4+
1-0

[Event "TT - Queen's pawn I"]
[Site "SchemingMind.com"]
[Date "2006.05.06"]
[Round "-"]
[White "keen"]
[Black "Tere"]
[Result "1-0"]
[WhiteCountry "SCO"]
[BlackCountry "VEN"]
[WhiteElo "1780"]
[WhiteRD "66"]
[BlackElo "1511"]
[BlackRD "102"]
[GameID "49774"]

1. d4 d5 2. c4 e6 3. Nc3 c5 4. cxd5 exd5 5. Nf3 Nc6 6. g3 Nf6 7. Bg2 Bf5 8. O-O Qd7 9. dxc5 Bxc5 10. Bg5 Ne4
11. Qxd5 Bxf2+ 12. Rxf2 Nxf2 13. Kxf2 O-O 14. Qxd7 Bxd7 15. Rd1 Be6 16. a3 h6 17. Be3 Na5 18. Ne5 Nc4 19. Nxc4 Bxc4 20. Bxb7 Rab8
21. Rd7 Be6 22. Rc7 Bc8 23. Bxc8 Rfxc8 24. Rxc8+ Rxc8 25. Bxa7 Kf8 26. Bd4 g6 27. e4 Ke7 28. b4 Kd7 29. Ke3 Ke6 30. b5
1-0

[Event "TT - Queen's pawn I"]
[Site "SchemingMind.com"]
[Date "2006.05.06"]
[Round "-"]
[White "keen"]
[Black "iain"]
[Result "1-0"]
[WhiteCountry "SCO"]
[BlackCountry "USA"]
[WhiteElo "1688"]
[WhiteRD "60"]
[BlackElo "1230"]
[BlackRD "76"]
[GameID "49777"]

1. d4 d5 2. c4 e6 3. Nc3 c5 4. cxd5 Nf6 5. Nf3 exd5 6. Bg5 Be7 7. e3 O-O 8. Be2 Nc6 9. O-O Ne4 10. Bxe7 Qxe7
11. Nxd5 Qd6 12. dxc5 Nxc5 13. Nc3 Qg6 14. Re1 Bh3 15. Bf1 Rad8 16. Qe2 Rfe8 17. Rad1 Bg4 18. Rxd8 Nxd8 19. Rd1 Nc6 20. Kh1 Ne4
21. Nxe4 Qxe4 22. h3 Be6 23. Ng5 Qf5 24. Nxe6 Qxe6 25. Qd2 Qxa2 26. Qd7 Qe6 27. Qxb7 g6 28. Bb5 Rd8 29. Rxd8+ Nxd8 30. Qxa7 Kg7
31. Qa8 Qe7 32. b3 Ne6 33. Bc4 Nc5 34. Qd5
1-0

[Event "TT - Queen's pawn I"]
[Site "SchemingMind.com"]
[Date "2006.05.06"]
[Round "-"]
[White "keen"]
[Black "McKnights"]
[Result "0-1"]
[WhiteCountry "SCO"]
[BlackCountry "USA"]
[WhiteElo "1688"]
[WhiteRD "60"]
[BlackElo "1801"]
[BlackRD "67"]
[GameID "49778"]

1. d4 d5 2. c4 e6 3. Nc3 c5 4. cxd5 cxd4 5. Qxd4 Nc6 6. Qa4 Qa5 7. dxc6 Qxa4 8. cxb7 Qc6 9. bxa8=Q Qxa8 10. e4 Bb4
11. Be3 Bxc3+ 12. bxc3 Ne7 13. Bb5+ Bd7 14. Bxd7+ Kxd7 15. O-O-O+ Kc7 16. Bf4+ Kc8
0-1

[Event "TT - Queen's pawn I"]
[Site "SchemingMind.com"]
[Date "2006.05.09"]
[Round "-"]
[White "Tere"]
[Black "keen"]
[Result "0-1"]
[WhiteCountry "VEN"]
[BlackCountry "SCO"]
[WhiteElo "1460"]
[WhiteRD "131"]
[BlackElo "1736"]
[BlackRD "61"]
[GameID "49779"]

1. d4 d5 2. c4 e6 3. Nc3 c5 4. e3 Nf6 5. Nf3 Nc6 6. cxd5 exd5 7. dxc5 Bxc5 8. a3 O-O 9. Bd3 Re8 10. b4 Bb6
11. O-O Bg4 12. Qc2 Bxf3 13. gxf3 d4 14. exd4 Nxd4 15. Qd1 Qd6 16. Ne4 Nxe4 17. Bxe4 Bc7 18. Bxh7+ Kxh7 19. Qd3+ Kg8 20. f4 Ne2+
0-1

[Event "TT - Queen's pawn I"]
[Site "SchemingMind.com"]
[Date "2006.05.06"]
[Round "-"]
[White "iain"]
[Black "keen"]
[Result "0-1"]
[WhiteCountry "USA"]
[BlackCountry "SCO"]
[WhiteElo "1230"]
[WhiteRD "76"]
[BlackElo "1688"]
[BlackRD "60"]
[GameID "49782"]

1. d4 d5 2. c4 e6 3. Nc3 c5 4. e3 Nc6 5. Nf3 Nf6 6. Bd3 Be7 7. O-O O-O 8. dxc5 Bxc5 9. Na4 Bd6 10. c5 Be7
11. Re1 e5 12. Ng5 h6 13. Nh3 Be6 14. e4 Qc7 15. a3 Rad8 16. b4 dxe4 17. Re3 exd3 18. Rxd3 Rxd3 19. Qxd3 Rd8 20. Qe2 Nd4
21. Qb2 Nb3 22. Rb1 Rd1#
0-1

[Event "TT - Queen's pawn I"]
[Site "SchemingMind.com"]
[Date "2006.05.07"]
[Round "-"]
[White "McKnights"]
[Black "keen"]
[Result "1-0"]
[WhiteCountry "USA"]
[BlackCountry "SCO"]
[WhiteElo "1805"]
[WhiteRD "60"]
[BlackElo "1736"]
[BlackRD "61"]
[GameID "49783"]

1. d4 d5 2. c4 e6 3. Nc3 c5 4. dxc5 Bxc5 5. cxd5 exd5 6. Bf4 Nf6 7. Nf3 O-O 8. Be5 Nc6 9. Bxf6 Qxf6 10. Nxd5 Qxb2
11. Rc1 Ba3 12. Rc2 Bb4+ 13. Nxb4 Qxb4+ 14. Qd2 Qxd2+ 15. Rxd2 Be6 16. e3 Rac8 17. Be2 Rfd8 18. Rb2 Na5 19. O-O Rc3 20. h3 h6
21. Nd4 Bc4 22. Bxc4 Rxc4 23. Rd1 Rdc8 24. Rdd2 a6 25. Rd1 Rc1 26. Rd2 Rxd1+ 27. Rxd1 Nc6 28. Rc1 Kf8 29. a4 Na7 30. Rb1 Rc7
31. Kf1 Nc8 32. Ke2 Nd6 33. Kd3 g6 34. Nf3 b5 35. axb5 axb5 36. Nd4 Rb7 37. e4 b4 38. e5 Nf5 39. Nxf5 gxf5 40. Rb3 Ke7
41. f4 Ke6 42. Kc4 h5 43. g3 Rb8 44. Kc5 Rb7 45. h4 Rb8 46. Kc6 Ke7 47. Kd5 Rb5+ 48. Kc4 Rb6 49. Rxb4 Rxb4+ 50. Kxb4 Ke6
51. Kc5 Kd7 52. Kd5 Ke7 53. Kc6 Ke6 54. Kc5 Kd7 55. Kd5 Ke7 56. Kc5 Ke6 57. Kc6 Ke7 58. Kc7 Ke6 59. Kd8 f6 60. exf6 Kxf6
61. Kd7 Kf7 62. Kd6 Kf6 63. Kd5
1-0

[Event "TT - Queen's pawn I"]
[Site "SchemingMind.com"]
[Date "2006.05.06"]
[Round "-"]
[White "Erhaem"]
[Black "Tere"]
[Result "1-0"]
[WhiteCountry "NED"]
[BlackCountry "VEN"]
[WhiteElo "2020"]
[WhiteRD "60"]
[BlackElo "1456"]
[BlackRD "120"]
[GameID "49785"]

1. d4 d5 2. c4 e6 3. Nc3 c5 4. cxd5 exd5 5. Nf3 Nf6 6. Bg5 Be7 7. dxc5 Qa5 8. Rb1 Qxc5 9. Bxf6 Bxf6 10. Nxd5 Bd8
11. Rc1 Ba5+ 12. b4 Bxb4+ 13. Nd2 Qxd5 14. Rxc8+ Ke7 15. Rxh8 g6 16. Rxh7 Nc6 17. Rh3 Ne5 18. Rb3 Ba5 19. e3 Rd8 20. Rb2 Ng4
21. Qe2 Bxd2+ 22. Rxd2 Qxd2+ 23. Qxd2 Rxd2 24. Kxd2 Nxf2 25. Rg1 Ne4+ 26. Kd3 f5 27. g4 Kf6 28. gxf5 gxf5 29. h4
1-0

[Event "TT - Queen's pawn I"]
[Site "SchemingMind.com"]
[Date "2006.05.06"]
[Round "-"]
[White "Erhaem"]
[Black "keen"]
[Result "1-0"]
[WhiteCountry "NED"]
[BlackCountry "SCO"]
[WhiteElo "2008"]
[WhiteRD "55"]
[BlackElo "1688"]
[BlackRD "60"]
[GameID "49788"]

1. d4 d5 2. c4 e6 3. Nc3 c5 4. cxd5 exd5 5. Nf3 Nc6 6. g3 Nf6 7. Bg2 h6 8. O-O Be7 9. dxc5 Bxc5 10. Nd2 Be6
11. Nb3 Be7 12. f4 Qd7 13. Qd3 O-O 14. f5 Bxf5 15. Qxf5
1-0

[Event "TT - Queen's pawn I"]
[Site "SchemingMind.com"]
[Date "2006.05.06"]
[Round "-"]
[White "Erhaem"]
[Black "iain"]
[Result "1-0"]
[WhiteCountry "NED"]
[BlackCountry "USA"]
[WhiteElo "2008"]
[WhiteRD "55"]
[BlackElo "1230"]
[BlackRD "76"]
[GameID "49789"]

1. d4 d5 2. c4 e6 3. Nc3 c5 4. cxd5 Nf6 5. dxe6 fxe6 6. e3 Be7 7. Bb5+ Nc6 8. Bxc6+ bxc6 9. Nge2 O-O 10. O-O cxd4
11. Nxd4 Nd5 12. Nxc6 Qd6 13. Nxd5 Bf6 14. Nxf6+
1-0

[Event "TT - Queen's pawn I"]
[Site "SchemingMind.com"]
[Date "2006.05.06"]
[Round "-"]
[White "Erhaem"]
[Black "McKnights"]
[Result "1-0"]
[WhiteCountry "NED"]
[BlackCountry "USA"]
[WhiteElo "2013"]
[WhiteRD "58"]
[BlackElo "1805"]
[BlackRD "60"]
[GameID "49790"]

1. d4 d5 2. c4 e6 3. Nc3 c5 4. cxd5 cxd4 5. Qa4+ Bd7 6. Qxd4 Nf6 7. Bg5 Be7 8. d6 Bf8 9. Ne4 Nc6 10. Qxf6 Qa5+
11. Qc3 Qxc3+ 12. bxc3 f5 13. Nc5 b6 14. Nxd7 Kxd7 15. Rd1 Bxd6 16. Nf3 Kc7 17. Bd2 h6 18. e3 Na5 19. Nd4 Kd7 20. e4 fxe4
21. Nb5 Bc5 22. Bxh6+ Kc6 23. Bxg7 Rh5 24. Nd4+ Kd7 25. Bb5+ Ke7 26. Nc6+ Nxc6 27. Bxc6 Rd8 28. Bf6+ Kxf6 29. Rxd8 Rf5 30. Bxe4
1-0

[Event "TT - Queen's pawn I"]
[Site "SchemingMind.com"]
[Date "2006.05.09"]
[Round "-"]
[White "Tere"]
[Black "Erhaem"]
[Result "0-1"]
[WhiteCountry "VEN"]
[BlackCountry "NED"]
[WhiteElo "1456"]
[WhiteRD "120"]
[BlackElo "2020"]
[BlackRD "60"]
[GameID "49791"]

1. d4 d5 2. c4 e6 3. Nc3 c5 4. e3 Nf6 5. Nf3 Nc6 6. cxd5 exd5 7. dxc5 Bxc5 8. Bb5 O-O 9. O-O Be6 10. Qa4 Rc8
11. Bxc6 bxc6 12. Ne5 Qc7 13. b4 Qxe5 14. bxc5 Ng4 15. Qf4 Qxc3 16. Rb1 Qxc5 17. Qa4 Qd6 18. g3 Bf5 19. Rb7 Rfe8 20. Ba3 Qh6
21. h4 Nxe3 22. Re1 Re4 23. Qxa7 Rxh4 24. Rxe3 Rh1+ 25. Kg2 Be4+
0-1

[Event "TT - Queen's pawn I"]
[Site "SchemingMind.com"]
[Date "2006.05.07"]
[Round "-"]
[White "keen"]
[Black "Erhaem"]
[Result "0-1"]
[WhiteCountry "SCO"]
[BlackCountry "NED"]
[WhiteElo "1688"]
[WhiteRD "60"]
[BlackElo "2008"]
[BlackRD "55"]
[GameID "49794"]

1. d4 d5 2. c4 e6 3. Nc3 c5 4. cxd5 exd5 5. dxc5 d4 6. Ne4 Bf5 7. Ng3 Be6 8. Qc2 Qd5 9. Nf3 Bxc5 10. Bf4 Nf6
11. Rd1 O-O 12. e3 Bb4+ 13. Nd2 Qxa2 14. Bd3 Bb3 15. Qb1 Qxb1 16. Rxb1 Nd5 17. Be4 Nxf4 18. exf4 Re8 19. f3 Nc6 20. Ne2 f5
21. Bxf5 Re3
0-1

[Event "TT - Queen's pawn I"]
[Site "SchemingMind.com"]
[Date "2006.05.06"]
[Round "-"]
[White "iain"]
[Black "Erhaem"]
[Result "0-1"]
[WhiteCountry "USA"]
[BlackCountry "NED"]
[WhiteElo "1349"]
[WhiteRD "61"]
[BlackElo "2013"]
[BlackRD "58"]
[GameID "49795"]

1. d4 d5 2. c4 e6 3. Nc3 c5 4. e3 Nc6 5. Nf3 Nf6 6. Bd3 dxc4 7. Bxc4 a6 8. O-O b5 9. Nxb5 axb5 10. Bxb5 Bd7
11. a3 Bd6 12. dxc5 Bxc5 13. Bd2 O-O 14. b4 Bd6 15. Bc3 Qc7 16. Bb2 e5 17. Bxc6 Bxc6 18. Rc1 Rfd8 19. Qe2 Qd7 20. h3 Bb5
21. Qe1 Ne4 22. Nxe5 Bxe5 23. Bxe5 Bxf1 24. Kxf1 Qb5+ 25. Kg1 Qxe5 26. f4 Qb2
0-1

[Event "TT - Queen's pawn I"]
[Site "SchemingMind.com"]
[Date "2006.05.07"]
[Round "-"]
[White "McKnights"]
[Black "Erhaem"]
[Result "0-1"]
[WhiteCountry "USA"]
[BlackCountry "NED"]
[WhiteElo "1805"]
[WhiteRD "60"]
[BlackElo "2013"]
[BlackRD "58"]
[GameID "49796"]

1. d4 d5 2. c4 e6 3. Nc3 c5 4. dxc5 d4 5. Ne4 Nf6 6. Bg5 Nc6 7. Nf3 Bxc5 8. a3 Be7 9. Qd3 O-O 10. g3 Nxe4
11. Bxe7 Nxf2 12. Bxd8 Nxd3+ 13. exd3 Rxd8 14. Bg2 e5 15. O-O e4 16. dxe4 Be6 17. b3 a5 18. Rfd1 a4 19. b4 Bxc4 20. Rac1 Be2
21. Rd2 d3 22. Bf1 Bxf3 23. Rc4 Ne5 24. Rc7 Bxe4 25. Bg2 Bxg2 26. Kxg2 Rac8 27. Rxb7 Nc4
0-1

[Event "TT - Queen's pawn I"]
[Site "SchemingMind.com"]
[Date "2006.05.07"]
[Round "-"]
[White "doodledandy"]
[Black "Erhaem"]
[Result "1-0"]
[WhiteCountry "CAN"]
[BlackCountry "NED"]
[WhiteElo "2406"]
[WhiteRD "78"]
[BlackElo "2013"]
[BlackRD "61"]
[GameID "49838"]

1. d4 d5 2. c4 e6 3. Nc3 c5 4. cxd5 exd5 5. Nf3 Nc6 6. g3 Nf6 7. Bg2 Be7 8. O-O O-O 9. dxc5 Bxc5 10. a3 d4
11. Na4 Be7 12. b4 Bg4 13. Bb2 Qd7 14. b5 Na5 15. Ne5 Qxb5 16. Nxg4 Nxg4 17. Qxd4 Nf6 18. Rab1 Rad8 19. Qf4 Nb3 20. Be5 Nh5
21. Qf3 Qxe5 22. Rxb3 b5 23. Re3 Qg5 24. h4 Qf6 25. Qb7 bxa4 26. Rxe7 a6 27. Re4 Rb8 28. Qc7 Qb2 29. Bf3 Rbc8 30. Qa7 Qb5
31. Rb4 Qa5 32. Rb6 Nf6 33. Rxa6 Qf5 34. Rxa4 Rfe8 35. Rd1 Qc2 36. Rad4 h6 37. a4 Rc7 38. Qb6 Rc5 39. Rd8 Kh7 40. a5 Re6
41. R1d6 Rxd6 42. Rxd6 Qc4 43. a6 Rb5 44. Qe3 Rb3 45. Qe5 Rb5 46. Qa1 Qc2 47. Kg2 Qc5 48. a7
1-0

[Event "TT - Queen's pawn I"]
[Site "SchemingMind.com"]
[Date "2006.05.07"]
[Round "-"]
[White "doodledandy"]
[Black "Tere"]
[Result "1-0"]
[WhiteCountry "CAN"]
[BlackCountry "VEN"]
[WhiteElo "2419"]
[WhiteRD "72"]
[BlackElo "1460"]
[BlackRD "131"]
[GameID "49839"]

1. d4 d5 2. c4 e6 3. Nc3 c5 4. cxd5 exd5 5. Nf3 Nc6 6. g3 Nf6 7. Bg2 Bf5 8. O-O Qd7 9. Ne5 Nxe5 10. dxe5 Ng4
11. Qxd5 Be7 12. h3 Nh6 13. g4 Be6 14. Qxb7 O-O 15. Qxd7 Bxd7 16. Bxa8 Rxa8 17. Rd1 Bc6 18. Nd5 Bxd5 19. Rxd5 f5 20. Bxh6 gxh6
21. gxf5
1-0

[Event "TT - Queen's pawn I"]
[Site "SchemingMind.com"]
[Date "2006.05.07"]
[Round "-"]
[White "doodledandy"]
[Black "keen"]
[Result "1-0"]
[WhiteCountry "CAN"]
[BlackCountry "SCO"]
[WhiteElo "2403"]
[WhiteRD "67"]
[BlackElo "1688"]
[BlackRD "60"]
[GameID "49842"]

1. d4 d5 2. c4 e6 3. Nc3 c5 4. cxd5 exd5 5. Nf3 Nc6 6. g3 Nf6 7. Bg2 Be7 8. O-O O-O 9. b3 h6 10. Bb2 Be6
11. dxc5 Bxc5 12. Na4 Be7 13. Rc1 Rc8 14. Nc5 Bxc5 15. Rxc5 Qe7 16. Rc1 Rfd8 17. Nd4 Nxd4 18. Qxd4 Qd7 19. Qf4 Nh5 20. Qh4 g6
21. Bf3 Bh3 22. Rfd1 Rxc1 23. Bxc1 Kg7 24. Rxd5 Qxd5 25. Bxd5 Rxd5 26. Bb2+ Kh7 27. Qxh3
1-0

[Event "TT - Queen's pawn I"]
[Site "SchemingMind.com"]
[Date "2006.05.07"]
[Round "-"]
[White "doodledandy"]
[Black "iain"]
[Result "1-0"]
[WhiteCountry "CAN"]
[BlackCountry "USA"]
[WhiteElo "2403"]
[WhiteRD "67"]
[BlackElo "1230"]
[BlackRD "76"]
[GameID "49843"]

1. d4 d5 2. c4 e6 3. Nc3 c5 4. cxd5 exd5 5. Nf3 Nf6 6. Bg5 Be7 7. dxc5 O-O 8. e3 Ne4 9. Bxe7 Qxe7 10. Nxd5 Qxc5
11. Rc1 Qa5+ 12. b4 Qxa2 13. Rc2 Qa4 14. Bd3 a6 15. O-O Nc6 16. Bxe4 Nxb4 17. Qd4 Rd8 18. Ne7+ Kf8 19. Qxd8+ Qe8 20. Qxe8+ Kxe8
21. Rxc8+ Rxc8 22. Nxc8
1-0

[Event "TT - Queen's pawn I"]
[Site "SchemingMind.com"]
[Date "2006.05.07"]
[Round "-"]
[White "doodledandy"]
[Black "McKnights"]
[Result "1-0"]
[WhiteCountry "CAN"]
[BlackCountry "USA"]
[WhiteElo "2403"]
[WhiteRD "67"]
[BlackElo "1801"]
[BlackRD "67"]
[GameID "49844"]

1. d4 d5 2. c4 e6 3. Nc3 c5 4. cxd5 exd5 5. Nf3 Nf6 6. Bg5 Be7 7. dxc5 O-O 8. e3 Nc6 9. Bd3 Bxc5 10. Qb1 d4
11. Bxh7+ Kh8 12. exd4 Nxd4 13. Be4 Nxf3+ 14. gxf3 Bh3 15. Qc2 Re8 16. Rg1 Qb6 17. Rg3 Bf5 18. O-O-O Nxe4 19. fxe4 Bh7 20. Na4 Qb5
21. Nxc5 Rac8 22. Bh6 Bxe4 23. Bxg7+ Kh7 24. Rh3+ Kxg7 25. Rg1+ Kf8 26. Rh8+ Ke7 27. Qxe4+ Kd6 28. Rh6+
1-0

[Event "TT - Queen's pawn I"]
[Site "SchemingMind.com"]
[Date "2006.05.07"]
[Round "-"]
[White "Erhaem"]
[Black "doodledandy"]
[Result "0-1"]
[WhiteCountry "NED"]
[BlackCountry "CAN"]
[WhiteElo "2013"]
[WhiteRD "61"]
[BlackElo "2406"]
[BlackRD "78"]
[GameID "49845"]

1. d4 d5 2. c4 e6 3. Nc3 c5 4. cxd5 exd5 5. Nf3 Nf6 6. Bg5 Be7 7. dxc5 Nc6 8. e3 O-O 9. Be2 Bxc5 10. O-O Be6
11. Rc1 Be7 12. Nd4 Rc8 13. Qd3 Qb6 14. Na4 Qa5 15. Nc3 Qb6 16. Ncb5 Nxd4 17. Nxd4 Bd7 18. b3 h6 19. Bh4 Rfe8 20. Rfd1 g5
21. Bg3 Ne4 22. Bf3 Rxc1 23. Rxc1 Bc5 24. Bxe4 dxe4 25. Qd2 Qb4 26. Qd1 Qa5 27. Qh5 Bxd4 28. exd4 Qd2 29. Rd1 e3 30. fxe3 Qxe3+
31. Bf2 Qe2 32. Qxe2 Rxe2 33. Ra1 Be6 34. Kf1 Rc2 35. h4 gxh4 36. Bxh4 Kg7 37. Bf2 Kg6 38. g3 Bd5 39. Be3 h5 40. Bf2 f6
41. Kg1 Kf5 42. b4 Bxa2 43. Rf1 Bc4 44. Ra1 Kg4 45. Re1 Bd5 46. Rd1 Kh3 47. Rb1 a6 48. Ra1 Rb2 49. Ra5 b5 50. Ra1 Rxb4
51. Rf1 Rb2 52. Rc1 b4
0-1

[Event "TT - Queen's pawn I"]
[Site "SchemingMind.com"]
[Date "2006.05.09"]
[Round "-"]
[White "Tere"]
[Black "doodledandy"]
[Result "0-1"]
[WhiteCountry "VEN"]
[BlackCountry "CAN"]
[WhiteElo "1460"]
[WhiteRD "131"]
[BlackElo "2419"]
[BlackRD "72"]
[GameID "49846"]

1. d4 d5 2. c4 e6 3. Nc3 c5 4. e3 Nf6 5. Nf3 Nc6 6. cxd5 exd5 7. dxc5 Bxc5 8. Bb5 O-O 9. O-O Re8 10. Nd4 Qd6
11. Nxc6 bxc6 12. Ba4 Ba6 13. Re1 d4 14. exd4 Rxe1+ 15. Qxe1 Ng4 16. g3 Bxd4 17. Ne4 Re8 18. Nf6+ Nxf6 19. Bf4 Rxe1+ 20. Rxe1 Qb4
0-1

[Event "TT - Queen's pawn I"]
[Site "SchemingMind.com"]
[Date "2006.05.07"]
[Round "-"]
[White "keen"]
[Black "doodledandy"]
[Result "0-1"]
[WhiteCountry "SCO"]
[BlackCountry "CAN"]
[WhiteElo "1688"]
[WhiteRD "60"]
[BlackElo "2403"]
[BlackRD "67"]
[GameID "49849"]

1. d4 d5 2. c4 e6 3. Nc3 c5 4. cxd5 exd5 5. Nf3 Nf6 6. Bg5 Be7 7. e3 O-O 8. Be2 h6 9. Bh4 c4 10. O-O Nc6
11. a3 Bf5 12. Ne5 Re8 13. Bg3 Qb6 14. Qc1 Rad8 15. Re1 Na5 16. Bd1 Nb3 17. Bxb3 Qxb3 18. Nf3 Qb6 19. Nh4 Bd3 20. Qd1 Qxb2
21. Na4 Qb3 22. Qxb3 cxb3 23. Nb2 Be4 24. Rec1 Rc8 25. f3 Rxc1+ 26. Rxc1 Bc2 27. Ra1 g5
0-1

[Event "TT - Queen's pawn I"]
[Site "SchemingMind.com"]
[Date "2006.05.07"]
[Round "-"]
[White "iain"]
[Black "doodledandy"]
[Result "0-1"]
[WhiteCountry "USA"]
[BlackCountry "CAN"]
[WhiteElo "1230"]
[WhiteRD "76"]
[BlackElo "2403"]
[BlackRD "67"]
[GameID "49850"]

1. d4 d5 2. c4 e6 3. Nc3 c5 4. b3 cxd4 5. Qxd4 Nc6 6. Qd1 d4 7. Ne4 f5 8. Ng5 Bb4+ 9. Bd2 Qxg5 10. Bxb4 Nxb4
11. Nf3 Qf6 12. g3 d3 13. exd3 Qxa1 14. Bg2 Qxa2 15. O-O Nf6 16. Nd4 O-O 17. Nb5 Rd8 18. d4 Nc2 19. Nc7 Nxd4 20. Nxa8 Ne2+
0-1

[Event "TT - Queen's pawn I"]
[Site "SchemingMind.com"]
[Date "2006.05.07"]
[Round "-"]
[White "McKnights"]
[Black "doodledandy"]
[Result "0-1"]
[WhiteCountry "USA"]
[BlackCountry "CAN"]
[WhiteElo "1801"]
[WhiteRD "67"]
[BlackElo "2403"]
[BlackRD "67"]
[GameID "49851"]

1. d4 d5 2. c4 e6 3. Nc3 c5 4. cxd5 exd5 5. Nf3 Nc6 6. Be3 c4 7. g3 Bb4 8. a3 Ba5 9. Bg2 Nge7 10. O-O O-O
11. b4 Bc7 12. Nh4 a6 13. Qd2 f6 14. f4 Be6 15. f5 Bf7 16. Bf4 b5 17. Bxc7 Qxc7 18. e3 Qd7 19. g4 Qd6 20. Rab1 Rfb8
21. Qb2 a5 22. Bf3 axb4 23. axb4 Ra6 24. Ng2 Ra7 25. Nf4 Nxd4 26. Bxd5 Nxd5 27. Ncxd5 Nc6 28. Nc3 Qe5 29. e4 Rba8 30. Nfe2 Ra3
31. Rfd1 h5 32. h3 Rb3 33. Qd2 Rd8 34. Qe3 Rxd1+ 35. Rxd1 Nxb4 36. Rd8+ Kh7
0-1